Formule 1 - Vainqueurs du GP de Montréal, Canada - Statistiques

Statistiques générales
  • Ce quiz a été pris 85 fois
    14 depuis la dernière actualisation
  • Le résultat moyen est 35 sur 55
Statistiques - réponses
Années Pilotes % Correct
2026 Andrea Kimi Antonelli
100%
2019 Lewis Hamilton
100%
2007 Lewis Hamilton
100%
2010 Lewis Hamilton
100%
2012 Lewis Hamilton
100%
2015 Lewis Hamilton
100%
2016 Lewis Hamilton
100%
2017 Lewis Hamilton
100%
2006 Fernando Alonso
92%
2022 Max Verstappen
92%
2023 Max Verstappen
92%
2024 Max Verstappen
92%
1994 Michael Schumacher
92%
1997 Michael Schumacher
92%
1998 Michael Schumacher
92%
2000 Michael Schumacher
92%
2002 Michael Schumacher
92%
2003 Michael Schumacher
92%
2004 Michael Schumacher
92%
2001 Ralf Schumacher
92%
2013 Sebastian Vettel
92%
2018 Sebastian Vettel
92%
2025 George Russell
85%
1993 Alain Prost
77%
1988 Ayrton Senna
77%
1990 Ayrton Senna
77%
1996 Damon Hill
62%
1978 Gilles Villeneuve
62%
2014 Daniel Ricciardo
46%
1971 Jackie Stewart
46%
1972 Jackie Stewart
46%
2011 Jenson Button
46%
1999 Mika Häkkinen
46%
1982 Nelson Piquet
46%
1984 Nelson Piquet
46%
1991 Nelson Piquet
46%
1974 Emerson Fittipaldi
38%
1992 Gerhard Berger
38%
1967 Jack Brabham
38%
1976 James Hunt
38%
2005 Kimi Räikkönen
38%
1986 Nigel Mansell
38%
1979 Alan Jones
31%
1980 Alan Jones
31%
1969 Jacky Ickx
31%
1970 Jacky Ickx
31%
1981 Jacques Laffite
31%
1995 Jean Alesi
31%
1983 René Arnoux
31%
2008 Robert Kubica
31%
1968 Denny Hulme
23%
1977 Jody Scheckter
23%
1989 Thierry Boutsen
23%
1985 Michele Alboreto
8%
1973 Peter Revson
0%
Aucun quiz correspondant
Distribution des résultats
% des personnes avec chaque résultat
Percentile par nombre de réponses
Votre historique - résultats
Vous n’avez pas pris ce quiz depuis la dernière actualisation